Синтез производных 1,3,4-тиадиазола на основе моно- и дикарбоновых кислот как синтонов для получения новых биологически активных веществ; Химия и химическая технология в XXI веке; Т. 1

Chi tiết về thư mục
Parent link:Химия и химическая технология в XXI веке: материалы XXIV Международной научно-практической конференции студентов и молодых ученых имени выдающихся химиков Л. П. Кулёва и Н. М. Кижнера, посвященной 85-летию со дня рождения профессора А. В. Кравцова, Томск, 15-19 мая 2023 г./ Национальный исследовательский Томский политехнический университет (ТПУ) ; Инженерная школа природных ресурсов ; Инженерная школа новых производственных технологий ; Исследовательская школа химических и биомедицинских технологий ; Инженерная школа ядерных технологий.— , 2023
Т. 1.— 2023.— [С. 299-300]
Tác giả chính: Нгуен Т. Т.
Tác giả của công ty: Национальный исследовательский Томский политехнический университет Инженерная школа новых производственных технологий Научно-образовательный центр Н. М. Кижнера
Tác giả khác: Павловский В. И. Виктор Иванович (научный руководитель)
Tóm tắt:Заглавие с титульного экрана
Ngôn ngữ:Tiếng Nga
Được phát hành: 2023
Loạt:Химия и химическая технология органических веществ и материалов
Những chủ đề:
Truy cập trực tuyến:http://earchive.tpu.ru/handle/11683/76662
Định dạng: Điện tử Chương của sách
KOHA link:https://koha.lib.tpu.ru/cgi-bin/koha/opac-detail.pl?biblionumber=635837

MARC

LEADER 00000naa2a2200000 4500
001 635837
005 20231101133900.0
035 |a (RuTPU)RU\TPU\conf\37694 
035 |a RU\TPU\conf\37691 
090 |a 635837 
100 |a 20230620d2023 k y0rusy50 ca 
101 0 |a rus 
102 |a RU 
105 |a y z 101zy 
135 |a drgn ---uucaa 
181 0 |a i  
182 0 |a b 
200 1 |a Синтез производных 1,3,4-тиадиазола на основе моно- и дикарбоновых кислот как синтонов для получения новых биологически активных веществ  |f Т. Т. Нгуен, В. И. Павловский  |g науч. рук. В. И. Павловский 
203 |a Текст  |c электронный 
225 1 |a Химия и химическая технология органических веществ и материалов 
230 |a 1 компьютерный файл (pdf; 1 252 Kb) 
300 |a Заглавие с титульного экрана 
320 |a [Библиогр.: с. 300 (5 назв.)] 
461 1 |0 (RuTPU)RU\TPU\conf\37590  |t Химия и химическая технология в XXI веке  |o материалы XXIV Международной научно-практической конференции студентов и молодых ученых имени выдающихся химиков Л. П. Кулёва и Н. М. Кижнера, посвященной 85-летию со дня рождения профессора А. В. Кравцова, Томск, 15-19 мая 2023 г.  |o в 2 т.  |f Национальный исследовательский Томский политехнический университет (ТПУ) ; Инженерная школа природных ресурсов ; Инженерная школа новых производственных технологий ; Исследовательская школа химических и биомедицинских технологий ; Инженерная школа ядерных технологий  |d 2023 
463 1 |0 (RuTPU)RU\TPU\conf\37591  |t Т. 1  |v [С. 299-300]  |d 2023 
610 1 |a труды учёных ТПУ 
610 1 |a электронный ресурс 
610 1 |a синтез 
610 1 |a дикарбоновые кислоты 
610 1 |a биологически активные вещества 
610 1 |a бистиадиазоламины 
610 1 |a биологические свойства 
700 1 |a Нгуен  |b Т. Т. 
701 1 |a Павловский  |b В. И.  |c химик  |c профессор Томского политехнического университета, доктор химических наук  |f 1958-  |g Виктор Иванович  |2 stltpush  |3 (RuTPU)RU\TPU\pers\46871 
702 1 |a Павловский  |b В. И.  |c химик  |c профессор Томского политехнического университета, доктор химических наук  |f 1958-  |g Виктор Иванович  |2 stltpush  |4 727 
712 0 2 |a Национальный исследовательский Томский политехнический университет  |b Инженерная школа новых производственных технологий  |b Научно-образовательный центр Н. М. Кижнера  |h 7872  |2 stltpush  |3 (RuTPU)RU\TPU\col\23556 
801 2 |a RU  |b 63413507  |c 20230731  |g RCR 
856 4 |u http://earchive.tpu.ru/handle/11683/76662 
942 |c BK